| 000 | 01079nam a2200241Ii 4500 | ||
|---|---|---|---|
| 003 | JO-AjNU | ||
| 005 | 20240629104817.0 | ||
| 008 | 230605s9999||||xx |||||||||||||| ||und|| | ||
| 040 |
_aJO-AjNU _bara _erda _cJO-AjNU |
||
| 041 | _aara | ||
| 050 | 1 | 4 | _aK579 2021 |
| 100 | 1 |
_aالمومني، مالك هاشم محمود _eمعد _965770 |
|
| 245 | 0 |
_aمسؤولية متولي الرقابة عن الفعل الضار دراسة مقارنة = Responsibility of the Supervisor for the Harmful act A Comparative Study / _cاعداد مالك هاشم محمود المومني؛ اشراف احمد فهد البطوش |
|
| 264 | 3 | 1 | _a 2021 |
| 300 | _a108 ورقة | ||
| 336 |
_atext _btxt _2rdacontent |
||
| 337 |
_aunmediated _bn _2rdamedia |
||
| 338 |
_avolume _bnc _2rdacarrier |
||
| 500 | _aرسالة جامعية(اطروحة ماجستير) تخصص القانون /كليةالحقوق، جامعة عجلون الوطنية، 2021 | ||
| 650 | 4 |
_aالاضرار-قوانين-الاردن _962502 |
|
| 700 | 1 |
_aالبطوش، أحمد فهد _959198 |
|
| 942 |
_2lcc _cTHS |
||
| 999 |
_c31873 _d31873 |
||